[Event "SRI-ch (Women)"]
[Site "Colombo"]
[Date "2024.03.30"]
[Round "11"]
[White "Sanudula, KM Dahamdi"]
[Black "Alwis, H Sandithi Kusalya"]
[Result "1/2-1/2"]
[WhiteElo "1859"]
[BlackElo "1639"]
[PlyCount "37"]
[EventDate "2024.03.22"]
[EventType "tourn"]
[EventRounds "13"]
[EventCountry "SRI"]
[SourceTitle "CB15_2024"]
[SourceDate "2024.04.10"]
[SourceVersion "1"]
[SourceVersionDate "2024.04.10"]
[SourceQuality "1"]

1. d4 d5 2. e3 Nc6 3. f4 Bf5 4. Bd3 Bxd3 5. Qxd3 e6 6. c3 Nf6 7. Nd2 a6 8. Ngf3 Ne7 9. 0-0 Nf5 10. c4 dxc4 11. Nxc4 c5 12. b3 cxd4 13. exd4 Be7 14. Bb2 0-0 15. g3 Rc8 16. Rfe1 Nd5 17. a3 b5 18. Nce5 Nb6 19. Nd2 1/2-1/2

[Event "SRI-ch (Women)"]
[Site "Colombo"]
[Date "2024.03.23"]
[Round "2"]
[White "Newansa, M Esandi"]
[Black "Alwis, H Sandithi Kusalya"]
[Result "1-0"]
[WhiteElo "1707"]
[BlackElo "1639"]
[PlyCount "22"]
[EventDate "2024.03.22"]
[EventType "tourn"]
[EventRounds "13"]
[EventCountry "SRI"]
[SourceTitle "CB15_2024"]
[SourceDate "2024.04.10"]
[SourceVersion "1"]
[SourceVersionDate "2024.04.10"]
[SourceQuality "1"]

1. e4 c5 2. Nc3 Nc6 3. Bb5 g6 4. Bxc6 dxc6 5. d3 e5 6. Be3 Qe7 7. Qd2 Bg7 8. Nge2 Nf6 9. f3 Nd7 10. g4 Nf8 11. 0-0-0 b5 1-0

[Event "SRI-ch (Women)"]
[Site "Colombo"]
[Date "2024.03.22"]
[Round "1"]
[White "Alwis, H Sandithi Kusalya"]
[Black "Bimansa, DG Jayandi"]
[Result "1-0"]
[WhiteElo "1639"]
[BlackElo "1572"]
[PlyCount "41"]
[EventDate "2024.03.22"]
[EventType "tourn"]
[EventRounds "13"]
[EventCountry "SRI"]
[SourceTitle "CB15_2024"]
[SourceDate "2024.04.10"]
[SourceVersion "1"]
[SourceVersionDate "2024.04.10"]
[SourceQuality "1"]

1. e4 e6 2. d4 d5 3. Nc3 Bb4 4. e5 Ne7 5. a3 Bxc3+ 6. bxc3 c5 7. Qg4 Nf5 8. Bd3 h5 9. Qf3 Ne7 10. Nh3 c4 11. Be2 Nf5 12. Bg5 f6 13. exf6 gxf6 14. Bf4 Nc6 15. Rd1 Qa5 16. 0-0 Qxa3 17. Rfe1 Qf8 18. Bxc4 dxc4 19. d5 Nce7 20. dxe6 Ng7 21. Bd6 1-0